Tour de France 2016 riders - Statistics

General Stats
  • This quiz has been taken 22 times
    20 since last reset
  • The average score is 113 of 198
Answer Stats
Team # Country Rider % Correct
Tinkoff 31 Alberto Contador
100%
Movistar 12 Alejandro Valverde
100%
Trek-Segafredo 61 Bauke Mollema
100%
Sky 1 Chris Froome
100%
Astana 23 Jakob Fuglsang
100%
Dimension Data 101 Mark Cavendish
100%
BMC 97 Michael Schar
100%
Movistar 11 Nairo Quintana
100%
Tinkoff 32 Peter Sagan
100%
Tinkoff 37 Rafal Majka
100%
AG2R La Mondiale 41 Romain Bardet
100%
FDJ 121 Thibaut Pinot
100%
Astana 22 Vincenzo Nibali
100%
ORICA-BikeExchange 209 Adam Yates
90%
Lotto Soudal 161 Andre Greipel
90%
Etixx-Quick Step 184 Daniel Martin
90%
Astana 21 Fabio Aru
90%
Sky 9 Geraint Thomas
90%
BMC 98 Greg Van Avermaet
90%
Katusha 141 Joaquim Rodriguez
90%
Etixx-Quick Step 182 Julian Alaphilippe
90%
Tinkoff 33 Maciej Bodnar
90%
Etixx-Quick Step 181 Marcel Kittel
90%
Sky 5 Mikel Nieve
90%
Movistar 19 Nelson Oliveira
90%
BMC 91 Richie Porte
90%
Tinkoff 36 Roman Kreuziger
90%
Lampre-Merida 151 Rui Costa
90%
AG2R La Mondiale 44 Samuel Dumoulin
90%
Giant-Alpecin 114 Tom Dumoulin
90%
Etixx-Quick Step 185 Tony Martin
90%
Sky 3 Vasil Kiryienka
90%
BMC 94 Damiano Caruso
80%
Fortuneo-Vital Concept 211 Eduardo Sepulveda
80%
Dimension Data 103 Edvald Boasson Hagen
80%
Trek-Segafredo 62 Fabian Cancellara
80%
LottoNL-Jumbo 52 George Bennett
80%
Movistar 16 Gorka Izagirre
80%
Katusha 149 Ilnur Zakarin
80%
Movistar 17 Ion Izagirre
80%
Sky 7 Luke Rowe
80%
Sky 4 Mikel Landa
80%
Cannondale-Drapac 81 Pierre Rolland
80%
Tinkoff 35 Robert Kiserlovski
80%
Bora-Argon 18 135 Sam Bennett
80%
Direct Energie 172 Sylvain Chavanel
80%
BMC 99 Tejay van Garderen
80%
Direct Energie 179 Thomas Voeckler
80%
Lotto Soudal 165 Tony Gallopin
80%
Giant-Alpecin 111 Warren Barguil
80%
Sky 6 Wout Poels
80%
Lampre-Merida 152 Yukiya Arashiro
80%
Lotto Soudal 166 Adam Hansen
70%
Katusha 144 Alexander Kristoff
70%
Astana 26 Alexey Lutsenko
70%
AG2R La Mondiale 49 Alexis Vuillermoz
70%
Astana 24 Andrey Grivko
70%
Fortuneo-Vital Concept 216 Daniel McLay
70%
Cofidis 191 Daniel Navarro
70%
Dimension Data 109 Daniel Teklehaimanot
70%
ORICA-BikeExchange 205 Daryl Impey
70%
Bora-Argon 18 131 Emmanuel Buchmann
70%
Sky 8 Ian Stannard
70%
Movistar 14 Imanol Erviti
70%
Movistar 15 Jesus Herrada
70%
Lotto Soudal 162 Lars Ytting Bak
70%
Lampre-Merida 157 Louis Meintjes
70%
Astana 28 Luis Leon Sanchez
70%
Lotto Soudal 169 Marcel Sieberg
70%
IAM Cycling 71 Mathias Frank
70%
Etixx-Quick Step 186 Maximiliano Richeze
70%
ORICA-BikeExchange 202 Michael Albasini
70%
IAM Cycling 78 Oliver Naesen
70%
FDJ 126 Sebastien Reichenbach
70%
Sky 2 Sergio Henao
70%
Dimension Data 104 Steve Cummings
70%
Astana 25 Tanel Kangert
70%
Direct Energie 171 Bryan Coquard
60%
LottoNL-Jumbo 53 Dylan Groenewegen
60%
Cannondale-Drapac 89 Dylan van Baarle
60%
Trek-Segafredo 68 Edward Theuns
60%
Trek-Segafredo 65 Frank Schleck
60%
Lotto Soudal 167 Gregory Henderson
60%
Trek-Segafredo 69 Haimar Zubeldia
60%
IAM Cycling 79 Jarlinson Pantano
60%
Trek-Segafredo 67 Jasper Stuyven
60%
Lotto Soudal 164 Jens Debusschere
60%
IAM Cycling 73 Jerome Coppel
60%
Giant-Alpecin 113 John Degenkolb
60%
Lampre-Merida 155 Kristijan Durasek
60%
Giant-Alpecin 118 Laurens ten Dam
60%
ORICA-BikeExchange 203 Luke Durbridge
60%
Katusha 143 Marco Haller
60%
IAM Cycling 74 Martin Elmiger
60%
ORICA-BikeExchange 207 Michael Matthews
60%
Tinkoff 39 Michael Valgren
60%
Bora-Argon 18 137 Patrick Konrad
60%
Cannondale-Drapac 87 Ramunas Navardauskas
60%
ORICA-BikeExchange 201 Simon Gerrans
60%
Giant-Alpecin 115 Simon Geschke
60%
Lotto Soudal 163 Thomas De Gendt
60%
Katusha 145 Alberto Losada
50%
Direct Energie 178 Angelo Tulik
50%
Bora-Argon 18 136 Bartosz Huzarski
50%
Movistar 18 Daniel Moreno
50%
Lampre-Merida 154 Davide Cimolai
50%
AG2R La Mondiale 48 Domenico Pozzovivo
50%
Cofidis 199 Geoffrey Soupe
50%
Giant-Alpecin 116 Georg Preidler
50%
AG2R La Mondiale 42 Jan Bakelants
50%
FDJ 128 Jeremy Roy
50%
Etixx-Quick Step 189 Julien Vermote
50%
Cofidis 198 Luis Angel Mate
50%
BMC 93 Marcus Burghardt
50%
Trek-Segafredo 63 Markel Irizar
50%
ORICA-BikeExchange 204 Mathew Hayman
50%
Tinkoff 38 Matteo Tosatto
50%
FDJ 123 Matthieu Ladagnous
50%
Cannondale-Drapac 82 Matti Breschel
50%
AG2R La Mondiale 43 Mikael Cherel
50%
Cofidis 194 Nicolas Edet
50%
Tinkoff 34 Oscar Gatto
50%
Astana 29 Paolo Tiralongo
50%
LottoNL-Jumbo 55 Paul Martens
50%
Giant-Alpecin 117 Ramon Sinkeldam
50%
BMC 95 Rohan Dennis
50%
Cannondale-Drapac 86 Sebastian Langeveld
50%
Dimension Data 107 Serge Pauwels
50%
FDJ 122 William Bonnet
50%
Movistar 13 Winner Anacona
50%
Bora-Argon 18 138 Andreas Schillinger
40%
Katusha 148 Angel Vicioso
40%
FDJ 127 Anthony Roux
40%
Direct Energie 173 Antoine Duchesne
40%
Fortuneo-Vital Concept 215 Armindo Fonseca
40%
FDJ 129 Arthur Vichot
40%
AG2R La Mondiale 45 Ben Gastauer
40%
Dimension Data 105 Bernhard Eisel
40%
Bora-Argon 18 134 Cesare Benedetti
40%
Fortuneo-Vital Concept 218 Chris Anker Sorensen
40%
Cofidis 196 Christophe Laporte
40%
ORICA-BikeExchange 206 Christopher Juul-Jensen
40%
AG2R La Mondiale 46 Cyril Gautier
40%
Astana 27 Diego Rosa
40%
Trek-Segafredo 64 Gregory Rast
40%
Cannondale-Drapac 85 Kristijan Koren
40%
Lampre-Merida 153 Matteo Bono
40%
Katusha 146 Michael Morkov
40%
Dimension Data 102 Natnael Berhane
40%
Dimension Data 106 Reinardt Janse van Rensburg
40%
IAM Cycling 76 Reto Hollenstein
40%
Direct Energie 177 Romain Sicard
40%
LottoNL-Jumbo 57 Sep Vanmarcke
40%
IAM Cycling 72 Stef Clement
40%
FDJ 124 Steve Morabito
40%
Lampre-Merida 156 Tsgabu Grmay
40%
LottoNL-Jumbo 51 Wilco Kelderman
40%
Direct Energie 174 Yohann Gene
40%
BMC 96 Amael Moinard
30%
Fortuneo-Vital Concept 213 Anthony Delaplace
30%
Fortuneo-Vital Concept 214 Brice Feillu
30%
FDJ 125 Cedric Pineau
30%
Fortuneo-Vital Concept 219 Florian Vachon
30%
Bora-Argon 18 133 Jan Barta
30%
Cofidis 193 Jerome Cousin
30%
Katusha 147 Jurgen Van den Broeck
30%
IAM Cycling 77 Leigh Howard
30%
LottoNL-Jumbo 59 Maarten Wynants
30%
Dimension Data 108 Mark Renshaw
30%
Bora-Argon 18 139 Paul Voss
30%
Etixx-Quick Step 188 Petr Vakoc
30%
Fortuneo-Vital Concept 217 Pierre-Luc Perichon
30%
Giant-Alpecin 112 Roy Curvers
30%
LottoNL-Jumbo 56 Timo Roosen
30%
Fortuneo-Vital Concept 212 Vegard Breen
30%
Direct Energie 176 Adrien Petit
20%
Giant-Alpecin 119 Albert Timmer
20%
Cannondale-Drapac 84 Alex Howes
20%
AG2R La Mondiale 47 Alexis Gougeard
20%
Cofidis 192 Borut Bozic
20%
BMC 92 Brent Bookwalter
20%
Direct Energie 175 Fabrice Jeandesboz
20%
Etixx-Quick Step 183 Iljo Keisse
20%
Katusha 142 Jacopo Guarnieri
20%
Lampre-Merida 159 Jan Polanc
20%
Cannondale-Drapac 83 Lawson Craddock
20%
Lampre-Merida 158 Luka Pibernik
20%
LottoNL-Jumbo 58 Robert Wagner
20%
ORICA-BikeExchange 208 Ruben Plaza
20%
Bora-Argon 18 132 Shane Archbold
20%
IAM Cycling 75 Sondre Holst Enger
20%
Cofidis 197 Cyril Lemoine
10%
Etixx-Quick Step 187 Fabio Sabatini
10%
Lotto Soudal 168 Jurgen Roelandts
10%
Trek-Segafredo 66 Peter Stetina
10%
Cannondale-Drapac 88 Tom-Jelte Slagter
10%
Cofidis 195 Arnold Jeannesson
0%
LottoNL-Jumbo 54 Bert-Jan Lindeman
0%
No matching quizzes found
Score Distribution
Percent of People with Each Score
Percentile by Number Answered
Your Score History
You have not taken this quiz since the last reset